La Hermana Josefa de Jesús María (Record no. 175985)

MARC details
000 -LEADER
campo de control de longitud fija 00922nam a22002295i 4500
001 - NÚMERO DE CONTROL
campo de control 175985
003 - IDENTIFICADOR DE NÚMERO DE CONTROL
campo de control ES-MaACL
005 - FECHA Y HORA DE LA ÚLTIMA TRANSACCIÓN
campo de control 20230906215946.0
008 - DATOS DE LONGITUD FIJA--INFORMACIÓN GENERAL
campo de control de longitud fija 101203s2009 sp a |||| | spa d
080 ## - NÚMERO DE LA CLASIFICACIÓN DECIMAL UNIVERSAL
Número de la Clasificación Decimal Universal 929 Josefa de Jesús María
100 1# - ENTRADA PRINCIPAL--NOMBRE DE PERSONA
Nombre de persona Sánchez-Palencia Mancebo, Isabel.
9 (RLIN) 144185
245 13 - MENCIÓN DEL TÍTULO
Título La Hermana Josefa de Jesús María
Resto del título : la Hermana "Josa" : 1667-1751 /
Mención de responsabilidad, etc. [Isabel Sánchez-Palencia Mancebo].
260 ## - PUBLICACIÓN, DISTRIBUCIÓN, ETC.
Lugar de publicación, distribución, etc. Mazarambroz (Toledo) :
Nombre del editor, distribuidor, etc. Ayuntamiento de Mazarambroz,
Fecha de publicación, distribución, etc. D. L. 2009.
300 ## - DESCRIPCIÓN FÍSICA
Extensión 26 p. (algunas pleg.) :
Otras características físicas il. bl. y n. ;
Dimensiones 21 cm.
490 1# - MENCIÓN DE SERIE
Mención de serie Ayuntamiento de Mazarambroz ;
Designación de volumen o secuencia 2
504 ## - NOTA DE BIBLIOGRAFÍA, ETC.
Nota de bibliografía, etc. Bbibliografía: p. 26.
600 04 - PUNTO DE ACCESO ADICIONAL DE MATERIA--NOMBRE DE PERSONA
Nombre de persona Josefa de Jesús María.
9 (RLIN) 144186
710 1# - ENTRADA AGREGADA--NOMBRE DE ENTIDAD CORPORATIVA
Nombre de entidad corporativa o nombre de jurisdicción como elemento de entrada Mazarambroz (Toledo).
Unidad subordinada Ayuntamiento.
9 (RLIN) 144187
830 0# - PUNTO DE ACCESO ADICIONAL DE SERIE-TÍTULO UNIFORME
Título uniforme Ayuntamiento de Mazarambroz ;
Designación de volumen o secuencia 2
9 (RLIN) 189884
852 ## - LOCALIZACIÓN
Ubicación ES-MaACL
Número de control de estantería 2272-F-7
Nota libre .- Dedicatoria autógrafa de la autora
Holdings
Estatus retirado Estado de pérdida Estado de daño No para préstamo Colección Biblioteca de origen Biblioteca actual Ubicación en estantería Fecha de adquisición Fuente de adquisición Total de préstamos Signatura topográfica completa Código de barras Visto por última vez Precio de reemplazo Tipo de ítem Koha
        Colección de folletos Biblioteca del Ateneo de Madrid Biblioteca del Ateneo de Madrid Depósito folletos 03/12/2010     2272-F-7 1184812 23/02/2023 23/02/2023 Folleto